书目信息 |
| 题名: |
社交话中话
|
|
| 作者: | 张笑恒 编著 | |
| 分册: | ||
| 出版信息: | 北京 北京工业大学出版社 2017 |
|
| 页数: | 221页 | |
| 开本: | 24cm | |
| 丛书名: | ||
| 单 册: | ||
| 中图分类: | C912.12 | |
| 科图分类: | ||
| 主题词: | 人间关系--礼仪 | |
| 电子资源: | ||
| ISBN: | 978-7-5639-5526-8 | |
| 000 | 00880nam0 2200217 450 | |
| 001 | 5688 | |
| 005 | 20180529214106.77 | |
| 010 | @a978-7-5639-5526-8@dCNY29.00 | |
| 100 | @a20170905d2017 em y0chiy50 ea | |
| 101 | 0 | @achi |
| 102 | @aCN@b110000 | |
| 105 | @ay z 000yy | |
| 200 | 1 | @a社交话中话@9she jiao hua zhong hua@f张笑恒编著 |
| 210 | @a北京@c北京工业大学出版社@d2017 | |
| 215 | @a221页@d24cm | |
| 330 | @a本书共十三章,从谈话、握手、面试、肢体动作等方面剖析在社交时候人们应注重的礼仪和技巧,结合现实生活中的案例,引领读者做事讲辨识、讲灵活、有方法,凡事有章可循,帮助读者在职场上少一些障碍,多一些顺畅,在情场上少一些蒙蔽,多一分经营爱情的智慧,在朋友圈里更加惹人喜爱、受人欢迎,同时迅速交到更多的朋友。 | |
| 606 | 0 | @a人间关系@x礼仪 |
| 690 | @aC912.12@v5 | |
| 701 | 0 | @a张笑恒@9zhang xiao heng@4编著 |
| 801 | 0 | @aCN@b91MARC@c20170905 |
| 905 | @aMuseLib@dC912.12@e1186 | |
| 社交话中话/张笑恒编著.-北京:北京工业大学出版社,2017 |
| 221页;24cm |
| ISBN 978-7-5639-5526-8:CNY29.00 |
| 本书共十三章,从谈话、握手、面试、肢体动作等方面剖析在社交时候人们应注重的礼仪和技巧,结合现实生活中的案例,引领读者做事讲辨识、讲灵活、有方法,凡事有章可循,帮助读者在职场上少一些障碍,多一些顺畅,在情场上少一些蒙蔽,多一分经营爱情的智慧,在朋友圈里更加惹人喜爱、受人欢迎,同时迅速交到更多的朋友。 |
| ● |
| 相关链接 |
|
|
|
|
正题名:社交话中话
索取号:C912.12/1186
 
预约/预借
| 序号 | 登录号 | 条形码 | 馆藏地/架位号 | 状态 | 备注 |
| 1 | 1065228 | 210652284 | 第一样本阅览室/ [索取号:C912.12/1186] | 在馆 | |
| 2 | 1065229 | 210652293 | 第一借阅区/ [索取号:C912.12/1186] | 在馆 | |
| 3 | 1065230 | 210652300 | 第一借阅区/ [索取号:C912.12/1186] | 在馆 | |
| 4 | 1065231 | 210652319 | 第一借阅区/ [索取号:C912.12/1186] | 在馆 | |
| 5 | 1065232 | 210652328 | 密集书库-马院/ [索取号:C912.12/1186] | 在馆 | |
| 6 | 1065233 | 210652337 | 第一借阅区/ [索取号:C912.12/1186] | 在馆 | |
| 7 | 1114366 | 211143662 | 第一借阅区/ [索取号:C912.12/1186] | 在馆 | |
| 8 | 1114367 | 211143671 | 教育系资料室/ [索取号:C912.12/1186] | 在馆 | |
| 9 | 1114368 | 211143680 | 教育系资料室/ [索取号:C912.12/1186] | 在馆 | |
| 10 | 1114369 | 211143699 | 教育系资料室/ [索取号:C912.12/1186] | 在馆 | |
| 11 | 1114370 | 211143706 | 第一借阅区/ [索取号:C912.12/1186] | 在馆 | |
| 12 | 1114371 | 211143715 | 第一借阅区/ [索取号:C912.12/1186] | 在馆 |